ბათუმის შოთა რუსთაველის სახელმწიფო უნივერსიტეტის ბიბლიოთეკა

იმერული ქორწილი (ბიბ.ჩანაწერი № 42139)

000 -LEADER
fixed length control field 00804nam a2200241Ia 4500
001 - CONTROL NUMBER
control field 8831
003 - CONTROL NUMBER IDENTIFIER
control field GE_BSU
008 - FIXED-LENGTH DATA ELEMENTS--GENERAL INFORMATION
fixed length control field 181216s||||||||xx |||||||||||||| ||und||
040 ## - CATALOGING SOURCE
Transcribing agency GE_BSU
080 ## - UNIVERSAL DECIMAL CLASSIFICATION NUMBER
Universal Decimal Classification number 821.353.1–31
100 ## - MAIN ENTRY--PERSONAL NAME
Personal name ებანოიძე,ალექსანდრე
245 ## - TITLE STATEMENT
Title იმერული ქორწილი
245 ## - TITLE STATEMENT
Remainder of title რომანი
245 ## - TITLE STATEMENT
Statement of responsibility, etc. თარბმნა ც.ჩხაიძე,რედ:ე.კეჭაღმაძე,მხატვ:ც.გაჩეჩილაძე
250 ## - EDITION STATEMENT
Edition statement 1-ლი გამოც.
260 ## - PUBLICATION, DISTRIBUTION, ETC.
Place of publication, distribution, etc. თბილისი
260 ## - PUBLICATION, DISTRIBUTION, ETC.
Name of publisher, distributor, etc. მერანი
260 ## - PUBLICATION, DISTRIBUTION, ETC.
Date of publication, distribution, etc. 1984
300 ## - PHYSICAL DESCRIPTION
Extent 303გვ,20სმ
653 ## - INDEX TERM--UNCONTROLLED
Uncontrolled term იმერული ქორწილი
653 ## - INDEX TERM--UNCONTROLLED
Uncontrolled term რომანი
942 ## - ADDED ENTRY ELEMENTS (KOHA)
Koha item type წიგნი
ეგზემპლარები
Withdrawn status Lost status Damaged status Not for loan Date acquired Barcode Date last seen Price effective from Koha item type
        2018-12-17 31308 2018-12-17 2018-12-17 წიგნი